[Event "DEM U10 2011"]
[Site "Oberhof GER"]
[Date "2011.06.18"]
[Round "11"]
[White "Silber, Kevin"]
[Black "Merx, Florian"]
[Result "0-1"]
[Termination "normal"]
[Board "33"]
[WhiteElo "1341"]
[BlackElo "1035"]
[PlyCount "96"]
[WhiteFideId "12930440"]
[BlackFideId "16212304"]
[EventCountry "GER"]
[EventRounds "11"]
[EventType "swiss"]
[EventDate "2011.06.11"]

1. e4 e5 2. Nf3 Nc6 3. d4 exd4 4. Nxd4 Bc5 5. Be3 Qf6 6. c3 Nge7 7. Bc4 O-O 8.
O-O Bb6 9. Na3 d6 10. Re1 Be6 11. f4 d5 12. e5 Qg6 13. Bd3 Bf5 14. Nxf5 Nxf5
15. Bxb6 axb6 16. g4 Nce7 17. g5 h6 18. h4 hxg5 19. fxg5 Qe6 20. Kh2 Nxh4 21.
Qh5 Nhg6 22. Rh1 Qxe5+ 23. Kg1 Qg3+ 24. Kf1 Qf4+ 25. Ke1 Qg3+ 26. Kd1 Qxd3+ 27.
Kc1 Qe3+ 28. Kc2 Qe4+ 29. Kb3 f5 30. c4 Qd3+ 31. Kb4 c5+ 32. Kb5 Ra5+ 33. Kxb6
Ra6+ 34. Kxb7 Rd6 35. Rad1 Qe4 36. Rde1 Qg2 37. Re2 Qg3 38. Nb5 Rd7+ 39. Kb6
Qb8+ 40. Kxc5 Rc8+ 41. Kd4 dxc4+ 42. Ke3 Qb6+ 43. Kf3 Rd3+ 44. Kg2 Nf4+ 45. Kf1
Nxh5 46. Rxh5 Rf3+ 47. Ke1 Rd8 48. Nc3 Qg1# 0-1

[Event "DEM U10 2011"]
[Site "Oberhof GER"]
[Date "2011.06.18"]
[Round "11"]
[White "Ackermann, Constantin"]
[Black "Riegel, Arinna"]
[Result "0-1"]
[Termination "normal"]
[Board "34"]
[WhiteElo "1103"]
[BlackElo "1118"]
[PlyCount "134"]
[BlackFideId "12931446"]
[EventCountry "GER"]
[EventRounds "11"]
[EventType "swiss"]
[EventDate "2011.06.11"]

1. e4 d5 2. exd5 Qxd5 3. Nc3 Qd6 4. d4 Nf6 5. Nf3 c6 6. Be2 Bg4 7. O-O Nbd7 8.
h3 Bh5 9. Be3 e6 10. Qd2 Qc7 11. Bf4 Bd6 12. Bxd6 Qxd6 13. Rfd1 O-O 14. Qe3 h6
15. Ne4 Nxe4 16. Qxe4 Nf6 17. Qe3 Bxf3 18. Bxf3 Rad8 19. Qe5 b6 20. Qxd6 Rxd6
21. c4 Rfd8 22. b3 Rxd4 23. Rxd4 Rxd4 24. Bxc6 Rd2 25. a4 Rb2 26. Ra3 a5 27. f3
g5 28. Kh2 Kf8 29. Kg3 Ke7 30. f4 Kd6 31. fxg5 hxg5 32. Bb5 Kc5 33. Ra1 Rxb3+
34. Kf2 Ne4+ 35. Kg1 Nc3 36. Rf1 Nxb5 37. cxb5 Rb4 38. Rc1+ Kd6 39. Ra1 f5 40.
Kf2 e5 41. Rd1+ Ke6 42. Ra1 e4 43. Rc1 Rxa4 44. Rc6+ Kd5 45. Rxb6 Kc5 46. Rb8
Rb4 47. Rf8 f4 48. Rf5+ Kc4 49. Rxg5 Rxb5 50. h4 Rxg5 51. hxg5 Kd5 52. g3 fxg3+
53. Kxg3 a4 54. g6 Ke6 55. g7 Kf7 56. Kf4 a3 57. Kxe4 a2 58. Kf5 a1=Q 59. Ke4
Qxg7 60. Ke3 Qg4 61. Kd3 Ke6 62. Ke3 Kd5 63. Kd3 Qf3+ 64. Kc2 Kd4 65. Kb2 Kc4
66. Ka1 Kb3 67. Kb1 Qh1# 0-1

[Event "DEM U10 2011"]
[Site "Oberhof GER"]
[Date "2011.06.18"]
[Round "11"]
[White "Santos, Leonardo"]
[Black "Staufenberger, Philipp"]
[Result "0-1"]
[Termination "normal"]
[Board "35"]
[WhiteElo "1100"]
[BlackElo "1033"]
[PlyCount "88"]
[WhiteFideId "12965049"]
[BlackFideId "12970883"]
[EventCountry "GER"]
[EventRounds "11"]
[EventType "swiss"]
[EventDate "2011.06.11"]

1. e4 e5 2. Nf3 Nc6 3. d4 exd4 4. Nxd4 Qh4 5. Nc3 Bb4 6. Nxc6 Qxe4+ 7. Be3 dxc6
8. Qd3 Bf5 9. Qxe4+ Bxe4 10. O-O-O Bg6 11. Be2 Ne7 12. Rhe1 Nd5 13. Nxd5 cxd5
14. Bd2 Bxd2+ 15. Rxd2 O-O-O 16. Red1 Rhe8 17. Bf3 Be4 18. Bxe4 dxe4 19. Re1
Rxd2 20. Kxd2 Kd7 21. Kc3 Kd6 22. Kd4 c5+ 23. Kc4 a6 24. a4 b6 25. f3 f5 26. h3
e3 27. Kd3 f4 28. c4 Ke5 29. g4 Rd8+ 30. Kc3 Rd2 31. Rh1 Rf2 32. Kd3 Rxf3 33.
Ke2 Rf2+ 34. Ke1 Rxb2 35. Rf1 Rb1+ 36. Ke2 f3+ 37. Kxf3 Rxf1+ 38. Kxe3 Rh1 39.
Kf3 Rxh3+ 40. Kg2 Rc3 41. Kf2 Rxc4 42. Ke3 Rxa4 43. Kf3 c4 44. Ke3 Ra3+ 0-1

[Event "DEM U10 2011"]
[Site "Oberhof GER"]
[Date "2011.06.18"]
[Round "11"]
[White "Schumacher, Simon"]
[Black "Ratay, Meike"]
[Result "1/2-1/2"]
[Termination "normal"]
[Board "36"]
[WhiteElo "1005"]
[BlackElo "1087"]
[PlyCount "39"]
[BlackFideId "12977608"]
[EventCountry "GER"]
[EventRounds "11"]
[EventType "swiss"]
[EventDate "2011.06.11"]

1. d4 d5 2. Bf4 Bf5 3. c3 Nc6 4. e3 a6 5. Bd3 Bg6 6. Nf3 e6 7. Qc2 Bd6 8. Bg3
Nge7 9. Nbd2 Qd7 10. a3 O-O-O 11. e4 Bxg3 12. hxg3 Rde8 13. O-O-O dxe4 14. Bxe4
Bxe4 15. Qxe4 Qd5 16. Qxd5 exd5 17. Ng5 h6 18. Ngf3 Nf5 19. g4 Nd6 20. g5
1/2-1/2

[Event "DEM U10 2011"]
[Site "Oberhof GER"]
[Date "2011.06.18"]
[Round "11"]
[White "Rau, Jennifer"]
[Black "Maaß, Timo"]
[Result "1-0"]
[Termination "normal"]
[Board "37"]
[WhiteElo "1092"]
[BlackElo "882"]
[PlyCount "53"]
[WhiteFideId "12983276"]
[EventCountry "GER"]
[EventRounds "11"]
[EventType "swiss"]
[EventDate "2011.06.11"]

1. e4 e5 2. Nf3 Nc6 3. Bc4 Bc5 4. O-O Nf6 5. d4 Nxd4 6. Nxe5 O-O 7. Be3 Ne6 8.
Bxe6 Bxe3 9. Bxf7+ Rxf7 10. Nxf7 Kxf7 11. fxe3 Kg8 12. Nc3 d6 13. h3 Qe7 14.
Qd3 Qf7 15. Nd5 Qg6 16. Ne7+ Kh8 17. Nxg6+ hxg6 18. e5 dxe5 19. Qxg6 Be6 20.
Qg3 Ne4 21. Qxe5 Bc4 22. Qxe4 Bxf1 23. Rxf1 c6 24. Rf7 Rd8 25. Qg4 g6 26. Qxg6
Rg8 27. Qh7# 1-0

[Event "DEM U10 2011"]
[Site "Oberhof GER"]
[Date "2011.06.18"]
[Round "11"]
[White "Pantsernaya, Sofya"]
[Black "Kopylov, Daniel"]
[Result "0-1"]
[Termination "normal"]
[Board "38"]
[WhiteElo "769"]
[BlackElo "1130"]
[PlyCount "60"]
[WhiteFideId "12993182"]
[BlackFideId "12921971"]
[EventCountry "GER"]
[EventRounds "11"]
[EventType "swiss"]
[EventDate "2011.06.11"]

1. e4 c5 2. Nf3 d6 3. Bb5+ Bd7 4. Bxd7+ Qxd7 5. O-O Nc6 6. d3 Nf6 7. Bg5 g6 8.
Bxf6 exf6 9. Nc3 Bg7 10. Nd5 O-O 11. Nh4 Nd4 12. Nf4 g5 13. Ne2 Nxe2+ 14. Qxe2
gxh4 15. Qh5 h3 16. g3 Rfe8 17. Rfe1 Re5 18. Qh4 Rg5 19. Qf4 h5 20. Qh4 Qg4 21.
Qxg4 hxg4 22. a3 b6 23. b3 f5 24. exf5 Bxa1 25. Rxa1 Rxf5 26. Re1 Re5 27. Rf1
Rae8 28. Kh1 Re1 29. Rg1 Rxg1+ 30. Kxg1 Re1# 0-1

[Event "DEM U10 2011"]
[Site "Oberhof GER"]
[Date "2011.06.18"]
[Round "11"]
[White "Weißenburg, Julia"]
[Black "Kobald, Jacqueline"]
[Result "1/2-1/2"]
[Termination "normal"]
[Board "41"]
[WhiteElo "995"]
[BlackElo "806"]
[PlyCount "100"]
[BlackFideId "12988162"]
[EventCountry "GER"]
[EventRounds "11"]
[EventType "swiss"]
[EventDate "2011.06.11"]

1. e4 e5 2. Nf3 Nc6 3. d4 exd4 4. Nxd4 Bc5 5. Be3 Qf6 6. c3 Nge7 7. Bc4 O-O 8.
O-O Re8 9. f4 Nxd4 10. cxd4 Bb6 11. Nc3 d6 12. Nd5 Nxd5 13. Bxd5 c6 14. e5 dxe5
15. Bb3 exd4 16. Bd2 d3+ 17. Kh1 Re2 18. Bc3 Qf5 19. Bc4 Qe4 20. Rf3 Qxc4 21.
Rxd3 Bg4 22. Rg3 Qxf4 23. Qd3 Rd8 24. Qb1 Qe4 25. Qf1 Bd4 26. Rd1 h6 27. h3 Qf5
28. hxg4 Qxf1+ 29. Rxf1 Bxc3 30. bxc3 Rxa2 31. Re1 b5 32. g5 Kf8 33. gxh6 gxh6
34. Kh2 Re8 35. Rf1 Ra3 36. Rh3 b4 37. Rxh6 Rxc3 38. Rh7 Re7 39. Rh8+ Kg7 40.
Rh5 b3 41. Rf4 b2 42. Rg5+ Kf8 43. Rfg4 Re8 44. Rb4 a5 45. Rxa5 c5 46. Rxb2 Ke7
47. Rb7+ Kd6 48. Ra6+ Kd5 49. Rf6 Re6 50. Rf5+ Re5 1/2-1/2

[Event "DEM U10 2011"]
[Site "Oberhof GER"]
[Date "2011.06.18"]
[Round "11"]
[White "Herbert, Fabian"]
[Black "Wastian, Mareike"]
[Result "0-1"]
[Termination "normal"]
[Board "43"]
[WhiteElo "949"]
[BlackElo "932"]
[PlyCount "116"]
[WhiteFideId "12940402"]
[BlackFideId "12947423"]
[EventCountry "GER"]
[EventRounds "11"]
[EventType "swiss"]
[EventDate "2011.06.11"]

1. e4 c6 2. Nc3 d5 3. Nf3 dxe4 4. Nxe4 Nd7 5. Bc4 Ngf6 6. d3 e6 7. O-O Be7 8.
Bf4 O-O 9. Qd2 b6 10. Rfe1 a5 11. c3 b5 12. Bb3 b4 13. c4 a4 14. Bc2 Bb7 15.
Bg5 h6 16. Bxf6 Nxf6 17. Red1 Nxe4 18. dxe4 Qc7 19. Qd7 Bd8 20. Qxc7 Bxc7 21.
b3 axb3 22. axb3 Rxa1 23. Rxa1 Ra8 24. Rxa8+ Bxa8 25. Kf1 c5 26. g3 g6 27. e5
Bxf3 28. h4 Bxe5 29. Kg1 Bd4 30. Kf1 Kg7 31. Ke1 Bc3+ 32. Kf1 f5 33. Kg1 Kf6
34. Kh2 Bd4 35. Kg1 g5 36. hxg5+ hxg5 37. Bd3 Bd1 38. Kg2 Bxb3 39. f4 gxf4 40.
gxf4 Be3 41. Kf3 Bd4 42. Ke2 e5 43. fxe5+ Kxe5 44. Kd2 Kf6 45. Kc1 Kg5 46. Kd2
Kg4 47. Ke2 f4 48. Kf1 Kg3 49. Ke2 f3+ 50. Kf1 Be3 51. Ke1 Kg2 52. Bf1+ Kg1 53.
Bh3 Bxc4 54. Bg4 f2+ 55. Kd1 f1=Q+ 56. Kc2 Qd3+ 57. Kb2 Qc3+ 58. Kb1 Qc1# 0-1

[Event "DEM U10 2011"]
[Site "Oberhof GER"]
[Date "2011.06.18"]
[Round "11"]
[White "Reuker, Ronja"]
[Black "Bureik, Nicolas"]
[Result "1-0"]
[Termination "normal"]
[Board "45"]
[WhiteElo "730"]
[BlackElo "861"]
[PlyCount "43"]
[WhiteFideId "12947172"]
[BlackFideId "12971863"]
[EventCountry "GER"]
[EventRounds "11"]
[EventType "swiss"]
[EventDate "2011.06.11"]

1. e4 d5 2. exd5 Qxd5 3. Nc3 Qd6 4. d4 Nf6 5. Nf3 a6 6. g3 b5 7. Bg2 Bb7 8. O-O
Nbd7 9. Bf4 Qc6 10. Nh4 Qb6 11. Nf3 O-O-O 12. Ng5 Bxg2 13. Kxg2 Qc6+ 14. Kg1
Qe6 15. Nxe6 fxe6 16. Re1 e5 17. Bxe5 Nxe5 18. Rxe5 b4 19. Na4 g6 20. Re1 Rd7
21. c3 bxc3 22. Qc1 1-0

[Event "DEM U10 2011"]
[Site "Oberhof GER"]
[Date "2011.06.18"]
[Round "11"]
[White "Weiten, Teresa"]
[Black "von Pogrell, Anna"]
[Result "1-0"]
[Termination "normal"]
[Board "46"]
[WhiteElo "766"]
[BlackElo "719"]
[PlyCount "49"]
[WhiteFideId "12971944"]
[EventCountry "GER"]
[EventRounds "11"]
[EventType "swiss"]
[EventDate "2011.06.11"]

1. e4 e5 2. Nf3 Nc6 3. Nc3 Nf6 4. d4 d6 5. Bg5 Be7 6. Bc4 O-O 7. O-O Bg4 8. Qd3
Qd7 9. Rae1 Rab8 10. d5 Nb4 11. Qe2 Rbe8 12. a3 Na6 13. Bxf6 Bxf6 14. Qe3 Nc5
15. Ng5 Na4 16. Nxa4 Qxa4 17. Bd3 Kh8 18. b3 Qxa3 19. Be2 Bxe2 20. Rxe2 h6 21.
Nh3 Bh4 22. Qf3 Rg8 23. Qh5 Bf6 24. Re3 g6 25. Qxh6# 1-0

[Event "ODEM U25B 2011"]
[Site "Oberhof GER"]
[Date "2011.06.12"]
[Round "1"]
[White "Kololli, Martin"]
[Black "Denkert, Robert"]
[Result "1/2-1/2"]
[Termination "normal"]
[Board "1"]
[WhiteElo "1553"]
[BlackElo "1220"]
[PlyCount "29"]
[WhiteFideId "12936910"]
[BlackFideId "12957216"]
[EventCountry "GER"]
[EventRounds "9"]
[EventType "swiss"]
[EventDate "2011.06.11"]

1. e4 e5 2. Nf3 Nf6 3. Nc3 d6 4. Bc4 Be7 5. d3 Nbd7 6. Be3 c6 7. Qd2 Qc7 8. Bb3
O-O 9. O-O b6 10. Ne2 d5 11. Ng3 Nc5 12. Bxc5 Bxc5 13. exd5 cxd5 14. Rae1 Bd6
15. Rb1 1/2-1/2

[Event "ODEM U25B 2011"]
[Site "Oberhof GER"]
[Date "2011.06.12"]
[Round "1"]
[White "Schumann, Rabea"]
[Black "Wolfer, Joshua"]
[Result "0-1"]
[Termination "normal"]
[Board "2"]
[WhiteElo "1388"]
[BlackElo "1550"]
[PlyCount "66"]
[WhiteFideId "12918199"]
[BlackFideId "12945668"]
[EventCountry "GER"]
[EventRounds "9"]
[EventType "swiss"]
[EventDate "2011.06.11"]

1. e4 e6 2. d4 d5 3. e5 c5 4. c3 Nc6 5. Nf3 Qb6 6. a3 a5 7. b3 Bd7 8. Be3 cxd4
9. cxd4 Nge7 10. Bd3 Nf5 11. Bxf5 exf5 12. Nc3 Be6 13. O-O Be7 14. Qd3 O-O 15.
Rfc1 Rfd8 16. Na4 Qc7 17. Nc5 Bxc5 18. Rxc5 Qd7 19. h3 b6 20. Rc2 f4 21. Bxf4
Bf5 22. Qd2 Bxc2 23. Qxc2 Rac8 24. Qd2 Re8 25. Qd3 Nd8 26. Ng5 g6 27. h4 Ne6
28. Nxe6 Rxe6 29. Qd2 Rec6 30. Bg5 Rc2 31. Qe3 Qf5 32. f3 R8c3 33. Qe1 Rxb3 0-1

[Event "ODEM U25B 2011"]
[Site "Oberhof GER"]
[Date "2011.06.12"]
[Round "1"]
[White "Reimann, Matthias"]
[Black "Michalowski, Melina"]
[Result "1-0"]
[Termination "normal"]
[Board "3"]
[WhiteElo "1541"]
[BlackElo "1184"]
[PlyCount "69"]
[WhiteFideId "12928046"]
[BlackFideId "12902462"]
[EventCountry "GER"]
[EventRounds "9"]
[EventType "swiss"]
[EventDate "2011.06.11"]

1. e4 c6 2. Nc3 d5 3. Nf3 Bg4 4. h3 Bh5 5. Be2 e6 6. O-O Nd7 7. a3 Bd6 8. d4
Bxf3 9. Bxf3 Bc7 10. Re1 Ne7 11. Bg5 f6 12. Be3 Ng6 13. exd5 cxd5 14. Bc1 O-O
15. Rxe6 Nb6 16. Re1 Qd6 17. g3 Qd7 18. Bg2 Rae8 19. Bd2 Re6 20. Rxe6 Qxe6 21.
Qf3 Rd8 22. Re1 Qf7 23. h4 Ne7 24. Bh3 Nc4 25. Be6 Nxd2 26. Bxf7+ Kxf7 27. Qe2
Bd6 28. Qxd2 Ng6 29. Qe2 Be7 30. h5 Nf8 31. Qxe7+ Kg8 32. Qxd8 h6 33. Re8 Kh7
34. Rxf8 g6 35. Rf7# 1-0

[Event "ODEM U25B 2011"]
[Site "Oberhof GER"]
[Date "2011.06.12"]
[Round "1"]
[White "Bauer, David"]
[Black "Neumann, Tiemon"]
[Result "1-0"]
[Termination "normal"]
[Board "5"]
[WhiteElo "1531"]
[BlackElo "1163"]
[PlyCount "125"]
[WhiteFideId "12913197"]
[BlackFideId "12925462"]
[EventCountry "GER"]
[EventRounds "9"]
[EventType "swiss"]
[EventDate "2011.06.11"]

1. e4 e5 2. Nf3 Nc6 3. Bc4 Nf6 4. d4 exd4 5. O-O Nxe4 6. Re1 d5 7. Bxd5 Qxd5 8.
Nc3 Qf5 9. Nxe4 Be7 10. Nxd4 Nxd4 11. Qxd4 O-O 12. Ng3 Qc5 13. Qxc5 Bxc5 14.
Bf4 c6 15. Rad1 Bg4 16. Rd3 Rfe8 17. Kf1 Be6 18. b3 Bd5 19. f3 Rxe1+ 20. Kxe1
Re8+ 21. Kf1 b5 22. Ne4 Bb6 23. Nd6 Re6 24. Nxb5 cxb5 25. Rxd5 a6 26. Rd6 h5
27. Rxe6 fxe6 28. Ke2 Kf7 29. Kd3 Kf6 30. Ke4 g5 31. Be5+ Kg6 32. h3 a5 33. c4
bxc4 34. bxc4 Bc5 35. a4 h4 36. Bc7 Bb4 37. Bb6 Kf7 38. c5 Ke7 39. c6 Kd6 40.
c7 Kd7 41. f4 gxf4 42. c8=Q+ Kxc8 43. Kxf4 Kb7 44. Bf2 Bd2+ 45. Ke5 Kc6 46.
Kxe6 Bb4 47. Bxh4 Kc5 48. Be7+ Kc4 49. Bf6 Kb3 50. g4 Bd2 51. g5 Kxa4 52. g6
Bh6 53. g7 Bxg7 54. Bxg7 Kb3 55. Bf8 a4 56. h4 a3 57. Bxa3 Kxa3 58. h5 Kb3 59.
h6 Kc4 60. h7 Kd3 61. h8=Q Ke3 62. Ke5 Kd3 63. Qh4 1-0

[Event "ODEM U25B 2011"]
[Site "Oberhof GER"]
[Date "2011.06.12"]
[Round "1"]
[White "Riedel, Erich"]
[Black "Sommer, Konstantin"]
[Result "0-1"]
[Termination "normal"]
[Board "6"]
[WhiteElo "1137"]
[BlackElo "1502"]
[PlyCount "100"]
[WhiteFideId "12958646"]
[BlackFideId "12926213"]
[EventCountry "GER"]
[EventRounds "9"]
[EventType "swiss"]
[EventDate "2011.06.11"]

1. e4 c6 2. d4 d5 3. Nc3 dxe4 4. Nxe4 Bf5 5. Ng3 Bg6 6. Nf3 Nf6 7. c3 e6 8. Bd3
Bxd3 9. Qxd3 Bd6 10. O-O Nbd7 11. Be3 Nd5 12. Rfe1 N7f6 13. Rac1 Nxe3 14. fxe3
Bxg3 15. hxg3 Qc7 16. Ne5 Nd7 17. Nxd7 Qxd7 18. e4 O-O 19. e5 Rad8 20. Rcd1 c5
21. Re4 Qc6 22. Rh4 h6 23. g4 Rfe8 24. Rf1 cxd4 25. cxd4 Qd5 26. g5 h5 27. Kh1
g6 28. Kh2 Qxe5+ 29. Rhf4 Qc7 30. g3 Rd7 31. Qb5 Rc8 32. Kg1 Qc6 33. Qe5 b6 34.
Qe2 Rdc7 35. g4 Qd5 36. gxh5 Rc2 37. Qg4 gxh5 38. Qg3 Rc1 39. g6 Rxf1+ 40. Rxf1
Qxd4+ 41. Kh1 Qe4+ 42. Qf3 Qxf3+ 43. Rxf3 fxg6 44. Rf6 Kg7 45. Rxe6 Rc1+ 46.
Kg2 Rc2+ 47. Kg3 Kh6 48. Re7 a6 49. Ra7 a5 50. Ra6 Rxb2 0-1

[Event "ODEM U25B 2011"]
[Site "Oberhof GER"]
[Date "2011.06.12"]
[Round "1"]
[White "Jansen, Nina"]
[Black "Hölzer, Jeanette"]
[Result "1/2-1/2"]
[Termination "normal"]
[Board "7"]
[WhiteElo "1478"]
[BlackElo "1108"]
[PlyCount "103"]
[WhiteFideId "12934500"]
[BlackFideId "12917982"]
[EventCountry "GER"]
[EventRounds "9"]
[EventType "swiss"]
[EventDate "2011.06.11"]

1. e4 e5 2. Nf3 Nc6 3. Bc4 Bc5 4. d3 Nf6 5. Nc3 d6 6. h3 Ne7 7. a3 a6 8. O-O
Be6 9. Bxe6 fxe6 10. Ne2 O-O 11. Ng3 Qe8 12. c3 Nh5 13. d4 exd4 14. cxd4 Ba7
15. Bg5 Nf4 16. Bxf4 Rxf4 17. Ng5 Qg6 18. Qh5 Bxd4 19. Qxg6 Nxg6 20. Nxe6 Bxb2
21. Rab1 Bxa3 22. Rxb7 Rf7 23. Rfb1 h6 24. Rb8+ Rxb8 25. Rxb8+ Kh7 26. Ra8 c5
27. Rxa6 Bb4 28. Rxd6 c4 29. Rd4 Be1 30. Rxc4 Bxf2+ 31. Kh2 Ne5 32. Rc3 Be1 33.
Re3 Bf2 34. Rb3 Be1 35. Nf5 Bd2 36. Rb8 Be1 37. Nf8+ Rxf8 38. Rxf8 Kg6 39. Ne7+
Kh7 40. Rf5 Bc3 41. Nd5 Bb2 42. Rf2 Bd4 43. Rc2 Ba1 44. Kg3 Bd4 45. Rc7 Ng6 46.
Nf4 Be5 47. Rf7 Nxf4 48. Rxf4 g5 49. Kg4 Bxf4 50. Kf5 Kg7 51. g4 Bb8 52. e5
1/2-1/2

[Event "ODEM U25B 2011"]
[Site "Oberhof GER"]
[Date "2011.06.12"]
[Round "1"]
[White "Oltmanns, Bianca"]
[Black "Scholz, Richard"]
[Result "1-0"]
[Termination "normal"]
[Board "9"]
[WhiteElo "1645"]
[BlackElo "1097"]
[PlyCount "147"]
[WhiteFideId "24698008"]
[EventCountry "GER"]
[EventRounds "9"]
[EventType "swiss"]
[EventDate "2011.06.11"]

1. e4 e5 2. Nf3 Nc6 3. Bb5 Nf6 4. O-O Be7 5. Re1 O-O 6. c3 a6 7. Ba4 b5 8. Bc2
d5 9. exd5 Qxd5 10. h3 Be6 11. d4 e4 12. Ng5 Bf5 13. Qe2 Rfe8 14. Nxe4 Qd7 15.
Qf3 Kh8 16. Bd2 Bxe4 17. Bxe4 Nxe4 18. Rxe4 Bd6 19. Na3 Rxe4 20. Qxe4 Re8 21.
Qf3 f5 22. Nc2 Na5 23. b3 c5 24. c4 Nc6 25. cxb5 axb5 26. dxc5 Bxc5 27. Be3
Bxe3 28. Nxe3 g6 29. Rd1 Nd4 30. Qd5 Qxd5 31. Nxd5 Nc2 32. Nc7 Re5 33. Rd5 Rxd5
34. Nxd5 Kg7 35. Kf1 Kf7 36. Ke2 g5 37. Kd2 Nd4 38. Kd3 Ne6 39. Kc3 Ke8 40. Kb4
Nd4 41. Nc7+ Kd7 42. Nxb5 Ne6 43. g3 f4 44. Kc4 fxg3 45. fxg3 h5 46. Nd4 Ng7
47. a4 h4 48. gxh4 gxh4 49. Ne2 Nf5 50. Nf4 Nd6+ 51. Kc5 Ne4+ 52. Kb6 Nf2 53.
Kb7 Nxh3 54. Nxh3 Ke6 55. a5 Kf5 56. a6 Kg4 57. a7 Kxh3 58. a8=Q Kg3 59. Kc7 h3
60. Qh1 h2 61. b4 Kh3 62. Qf3+ Kh4 63. Qg2 Kh5 64. Qxh2+ Kg4 65. Qf2 Kg5 66.
Qf3 Kg6 67. Qf4 Kg7 68. Qf5 Kh6 69. Qg4 Kh7 70. Qg5 Kh8 71. Kd7 Kh7 72. Ke7 Kh8
73. Kf7 Kh7 74. Qh5# 1-0

[Event "ODEM U25B 2011"]
[Site "Oberhof GER"]
[Date "2011.06.12"]
[Round "1"]
[White "Topf, Robin"]
[Black "Buchallik, Jakob"]
[Result "0-1"]
[Termination "normal"]
[Board "10"]
[WhiteElo "1079"]
[BlackElo "1451"]
[PlyCount "84"]
[BlackFideId "12945749"]
[EventCountry "GER"]
[EventRounds "9"]
[EventType "swiss"]
[EventDate "2011.06.11"]

1. e4 e5 2. Nf3 Nc6 3. d4 exd4 4. Bc4 Bb4+ 5. c3 dxc3 6. O-O Nge7 7. a3 Bc5 8.
b4 Bb6 9. Qb3 O-O 10. Ng5 Ne5 11. Qxc3 Nxc4 12. Qxc4 d5 13. exd5 Qxd5 14. Qc2
Bf5 15. Qc3 Bd4 16. Qxc7 Bxa1 17. Qxe7 Bxb1 18. Be3 Bf6 19. Qc7 Rac8 20. Qg3
Bd3 21. Rd1 Qb3 22. Re1 Bc3 23. Rc1 Bb2 24. Re1 Rfe8 25. Nf3 Qxa3 26. h3 Qxb4
27. Kh1 Be5 28. Qg5 f6 29. Qh4 Qxh4 30. Nxh4 Bf4 31. Nf3 Bxe3 32. Rxe3 Rxe3 33.
fxe3 b5 34. Nd2 a5 35. Kg1 a4 36. Kf2 b4 37. Ke1 Re8 38. Kf2 b3 39. g3 b2 40.
h4 b1=Q 41. Nxb1 Bxb1 42. Ke2 Rd8 0-1

[Event "ODEM U25B 2011"]
[Site "Oberhof GER"]
[Date "2011.06.12"]
[Round "1"]
[White "Schlichter, Lisa"]
[Black "von Reppert, Marc"]
[Result "0-1"]
[Termination "normal"]
[Board "12"]
[WhiteElo "1069"]
[BlackElo "1438"]
[PlyCount "130"]
[WhiteFideId "12926396"]
[BlackFideId "12918130"]
[EventCountry "GER"]
[EventRounds "9"]
[EventType "swiss"]
[EventDate "2011.06.11"]

1. e4 e6 2. d4 d5 3. e5 Ne7 4. Nf3 Ng6 5. c3 c5 6. Nbd2 Nc6 7. Nb3 Qb6 8. Be2
Be7 9. O-O O-O 10. Ne1 a5 11. a4 c4 12. Nd2 Bg5 13. g3 Bxd2 14. Qxd2 f5 15. f4
Nge7 16. Kh1 Bd7 17. h3 Qd8 18. g4 Qe8 19. Rg1 fxg4 20. Bxg4 Nf5 21. Qg2 Qg6
22. Nf3 h6 23. Bxf5 Qxg2+ 24. Rxg2 Rxf5 25. Nh2 Ne7 26. Ng4 Kh7 27. Bd2 h5 28.
Nh2 Rg8 29. Rag1 Bxa4 30. Nf3 Bd7 31. Nh4 Rf7 32. Rg5 g6 33. Rf1 Nf5 34. Nxf5
exf5 35. Rb1 a4 36. Ra1 Ra8 37. Rgg1 Be6 38. Ra3 Rc7 39. Rga1 Bd7 40. Kg2 Be8
41. Kf3 Ra6 42. Ke2 Rb6 43. Bc1 Rb3 44. Rxb3 cxb3 45. Kf3 b5 46. Bd2 Rc4 47.
Ke3 Rc8 48. Kf3 h4 49. Be1 Ra8 50. Bxh4 a3 51. bxa3 b2 52. Rb1 Rxa3 53. Rxb2
Rxc3+ 54. Kg2 Rc4 55. Bf2 b4 56. Be3 Ba4 57. Kf2 Bc2 58. Ke1 b3 59. h4 Rc3 60.
Bg1 Rh3 61. Bf2 Rf3 62. Ke2 Rxf4 63. Kf1 Kg7 64. Kg2 Re4 65. Kf3 Kf7 0-1

[Event "ODEM U25B 2011"]
[Site "Oberhof GER"]
[Date "2011.06.12"]
[Round "1"]
[White "Martin, Raphael"]
[Black "Holle, Niklas"]
[Result "1-0"]
[Termination "normal"]
[Board "13"]
[WhiteElo "1431"]
[BlackElo "1060"]
[PlyCount "33"]
[WhiteFideId "12952036"]
[EventCountry "GER"]
[EventRounds "9"]
[EventType "swiss"]
[EventDate "2011.06.11"]

1. e4 e6 2. d4 d5 3. Nd2 dxe4 4. Nxe4 Qd5 5. Nc3 Qc6 6. Bb5 Bb4 7. Bxc6+ Nxc6
8. Nf3 Nf6 9. O-O b6 10. a3 Bd6 11. d5 exd5 12. Re1+ Ne7 13. Nxd5 Bb7 14. Nxe7
Bxe7 15. Qe2 O-O 16. Bg5 Bxf3 17. Qxf3 1-0

[Event "ODEM U25B 2011"]
[Site "Oberhof GER"]
[Date "2011.06.12"]
[Round "1"]
[White "Eggert, Daniela"]
[Black "Weber, Yannik"]
[Result "0-1"]
[Termination "normal"]
[Board "14"]
[WhiteElo "1041"]
[BlackElo "1542"]
[PlyCount "164"]
[WhiteFideId "12991490"]
[BlackFideId "24692700"]
[EventCountry "GER"]
[EventRounds "9"]
[EventType "swiss"]
[EventDate "2011.06.11"]

1. e4 e5 2. Nf3 Nc6 3. Nc3 Bc5 4. Bb5 d6 5. d4 exd4 6. Nxd4 Qf6 7. O-O Qxd4 8.
Qxd4 Bxd4 9. Nd5 Bb6 10. Be3 Nge7 11. Bxb6 Nxd5 12. exd5 axb6 13. dxc6 O-O 14.
Rfe1 Ra5 15. a4 bxc6 16. Bxc6 Be6 17. b4 Rg5 18. g3 Rg4 19. f4 g5 20. Re4 Bf5
21. Rc4 gxf4 22. Bf3 Rg6 23. Rxf4 Bxc2 24. Rc4 Bb3 25. Rxc7 d5 26. Rd7 Ra8 27.
a5 bxa5 28. bxa5 Rg5 29. a6 Rg6 30. a7 Rb6 31. Bxd5 Bxd5 32. Rxd5 Rb7 33. Rda5
h6 34. Ra6 Kg7 35. h4 Kh7 36. Kg2 Rb2+ 37. Kh3 Rb7 38. h5 Kg7 39. Kh4 Rb4+ 40.
g4 Rb7 41. R1a4 Kh7 42. g5 hxg5+ 43. Kxg5 Rb5+ 44. Kf6 Rb7 45. R4a5 Kh8 46. h6
Kh7 47. Ke5 Re7+ 48. Kd6 Rb7 49. Kc6 Re7 50. Kd6 Rb7 51. Kc5 Rc8+ 52. Kd6 Ra8
53. Ke5 Re7+ 54. Kf6 Rb7 55. Kg5 Rg8+ 56. Kf6 Ra8 57. Ke5 Re7+ 58. Kd5 Rb7 59.
Kc6 Re7 60. Kb5 Rb7+ 61. Rb6 Rbxa7 62. Rxa7 Rxa7 63. Kc6 Kxh6 64. Rb7 Rxb7 65.
Kxb7 f5 66. Kc6 f4 67. Kd5 f3 68. Ke4 f2 69. Ke5 f1=Q 70. Kd5 Qd3+ 71. Kc5 Qe4
72. Kd6 Qf5 73. Kc6 Qe5 74. Kb6 Qd5 75. Ka6 Qb3 76. Ka7 Qb5 77. Ka8 Kg7 78. Ka7
Kf7 79. Ka8 Ke7 80. Ka7 Kd7 81. Ka8 Kc7 82. Ka7 Qb7# 0-1

[Event "ODEM U25B 2011"]
[Site "Oberhof GER"]
[Date "2011.06.12"]
[Round "1"]
[White "Siegl, Adrian"]
[Black "Rose, Luis Stratos"]
[Result "1/2-1/2"]
[Termination "normal"]
[Board "15"]
[WhiteElo "1412"]
[BlackElo "1024"]
[PlyCount "70"]
[WhiteFideId "12930156"]
[BlackFideId "12976008"]
[EventCountry "GER"]
[EventRounds "9"]
[EventType "swiss"]
[EventDate "2011.06.11"]

1. e4 d5 2. exd5 Nf6 3. d4 Nxd5 4. Nf3 g6 5. Bc4 Nb6 6. Bb3 Bg7 7. O-O O-O 8.
Re1 Bg4 9. c3 Nc6 10. h3 Bxf3 11. Qxf3 e6 12. Bf4 Nd7 13. Ba4 e5 14. Bxc6 bxc6
15. dxe5 c5 16. Na3 Qe7 17. Nc4 Rfe8 18. Rad1 Rad8 19. Qc6 Nb6 20. Rxd8 Qxd8
21. Nd2 h6 22. Qxc5 Qd3 23. Qe3 Qxe3 24. Bxe3 Rxe5 25. Nf3 Rb5 26. Re2 Ra5 27.
b4 Ra3 28. Nd4 Rxc3 29. Nb5 Rc4 30. Bc5 Na4 31. Bxa7 Rxb4 32. Nxc7 Rb7 33. Re8+
Bf8 34. Bb8 Kg7 35. Na6 Rb6 1/2-1/2